5HLuxD.jpg

KING HENRY VIII SENIOR AND PRIMARY SCHOOL LIBRARY OPAC

Billionaire boy / (Record no. 2102)

000 -LEADER
fixed length control field 01171cam a2200277 a 4500
001 - CONTROL NUMBER
control field (Sirsi) a788425
003 - CONTROL NUMBER IDENTIFIER
control field OSt
005 - DATE AND TIME OF LATEST TRANSACTION
control field 20230307110914.0
008 - FIXED-LENGTH DATA ELEMENTS--GENERAL INFORMATION
fixed length control field 140110t20112010enka c 000 1 eng d
020 ## - INTERNATIONAL STANDARD BOOK NUMBER
International Standard Book Number 9780007371082 (pbk.)
040 ## - CATALOGING SOURCE
Original cataloging agency NLGGC
Language of cataloging eng
Transcribing agency NLGGC
Modifying agency TAE
-- KH8
042 ## - AUTHENTICATION CODE
Authentication code nbic
082 0# - DEWEY DECIMAL CLASSIFICATION NUMBER
Classification number 823.92 WAL
100 1# - MAIN ENTRY--PERSONAL NAME
Personal name Walliams, David,
Dates associated with a name 1971-
Relator term author
245 10 - TITLE STATEMENT
Title Billionaire boy /
Statement of responsibility, etc. David Walliams ; illustrated by Tony Ross.
260 ## - PUBLICATION, DISTRIBUTION, ETC.
Place of publication, distribution, etc. London :
Name of publisher, distributor, etc. HarperCollins Children's Books,
Date of publication, distribution, etc. 2011, c2010.
300 ## - PHYSICAL DESCRIPTION
Extent 278 p. :
Other physical details ill. ;
Dimensions 20 cm. +
Accompanying material 3 sound discs (4 3/4 in.)
520 ## - SUMMARY, ETC.
Summary, etc. Joe is the wealthiest twelve-year-old in the land, but he isn't happy. Why not? Because he's got a billion pounds, and not a single friend. But then someone comes along, someone who likes Joe for Joe, not for his money. The problem is, Joe's about to learn that when money is involved, nothing is what it seems.
521 1# - TARGET AUDIENCE NOTE
Target audience note 9-12.
650 #0 - SUBJECT ADDED ENTRY--TOPICAL TERM
Topical term or geographic name entry element Children of the rich
Form subdivision Juvenile fiction.
650 #0 - SUBJECT ADDED ENTRY--TOPICAL TERM
Topical term or geographic name entry element Happiness
Form subdivision Juvenile fiction.
650 #1 - SUBJECT ADDED ENTRY--TOPICAL TERM
Topical term or geographic name entry element Children's stories.
650 #1 - SUBJECT ADDED ENTRY--TOPICAL TERM
Topical term or geographic name entry element Humorous stories.
700 1# - ADDED ENTRY--PERSONAL NAME
Personal name Ross, Tony,
Dates associated with a name 1938-
Relator term illustrator
942 ## - ADDED ENTRY ELEMENTS (KOHA)
Source of classification or shelving scheme
Koha item type Books - Non Ficton
Holdings
Withdrawn status Lost status Source of classification or shelving scheme Damaged status Not for loan Collection code Permanent Location Current Location Shelving location Date acquired Total Checkouts Full call number Barcode Date last seen Date last checked out Price effective from Koha item type
          Non-Fiction KH8 Primary School Library KH8 Primary School Library Non Fiction 2023-03-07 3 823.92 WAL KHPL000003844 2025-12-05 2025-10-27 2023-03-07 Books - Non Ficton

Powered By KH8 IT Dept